Greek-to-English Myth Match-Up, vol. IIII Quiz Stats

 Plays Quiz not verified by Sporcle

Challenge
Share
Tweet
Embed
Score 0/50 Timer 10:00
0 Plays Today
% Correct
Midas
91.2%
Talos
90.3%
Narcissus
89.7%
Epimetheus
89.4%
Nereus
89.1%
Erebos
88.8%
Niobe
88.8%
Eros
88.5%
Astraeus
88.2%
Cassandra
88.2%
Oedipus
88.2%
Nemesis
87.9%
Amphitrite
87.6%
Arion
87.6%
Aegisthus
87.3%
Oceanus
87.3%
KampĂȘ
87%
Penthesilea
87%
Phobos
87%
Arachne
87%
Ananke
86.7%
Cyzicus
86.7%
Daphne
86.7%
Echidna
86.7%
Ixion
86.7%
% Correct
Tmolus
86.7%
Crius
86.4%
Hebe
86.1%
Aeneas
85.8%
Eos
85.8%
Enyo
85.5%
Pandora
85.5%
Chione
85.2%
Cybele
85.2%
Chrysaor
84.8%
Orestes
84.5%
Electra
84.5%
Eunomia
84.5%
Hydra
84.5%
Scamander
84.5%
Europa
84.2%
Eurybia
83.9%
Selene
83.9%
Hyperion
83%
Ladon
83%
Penelope
83%
Pegasus
82.7%
Ganymede
82.1%
Hemera
80.3%
Hermione
76.7%

You're not logged in!

Compare scores with friends on all Sporcle quizzes.
OR
Log In

You Might Also Like...

Show Comments

Extras

Top Quizzes Today


Score Distribution

Your Account Isn't Verified!

In order to create a playlist on Sporcle, you need to verify the email address you used during registration. Go to your Sporcle Settings to finish the process.

Report this User

Report this user for behavior that violates our Community Guidelines.

Details: